000 01817cam a2200289 i 4500
001 on1349467847
003 OCoLC
005 20251003100413.0
006 m o d
008 221101s2022 nyu o 000 0 eng d
020 _a9781568366197
035 _a(OCoLC)1349467847
040 _aN$T
_beng
_erda
_epn
_cN$T
_dN$T
_dOCLCF
_dOCLCO
_dOCLCL
_dOCLCO
041 0 _aeng
_ajpn
050 4 _aPL539.5.E5
_bJ36 2022
245 0 0 _aJapanese for busy people
_nI,
_pRomanized version
_c/ Association for Japanese-Language Teaching, AjALT.
250 _aRevised fourth edition.
260 _aNew York, NY :
_bKodansha USA,
_c2022.
300 _axx, 266 pages :
_billustrations, tables (some color) ;
_c28 cm.
520 _a4th Revised Edition of JAPANESE FOR BUSY PEOPLE, the most popular Japanese language textbook series in the world. Since it was first published in 1984, the focus of the Japanese for Busy People series has always been to teach Japanese for effective communication. As suggested in the title, this is a concise course for busy students who want to learn natural, spoken Japanese as efficiently as possible in a limited amount of time. The new Japanese for Busy People: Revised 4th Edition is made up of three volumes: Book I, Book II, and Book III. Book I is available in both romanized and kana versions, similar to the Revised 3rd Edition. The Romanized Version uses romanized Japanese throughout, with kana in the Target Dialogues of each lesson.
650 0 _aJapanese language
_vSelf-instruction.
650 0 _aJapanese language
_xSpoken Japanese
_913559
650 0 _aJapanese language
_vTextbooks for foreign speakers
_xEnglish
_922372
650 0 _aJapanese language
_vSound recordings for English speakers
_925996
710 _aKokusai Nihongo Fukyū Kyōkai (Japan)
_925997
942 _2lcc
999 _c5002
_d5002